Music Acts - J - Statistics

General Stats
  • This quiz has been taken 35 times
  • The average score is 5 of 15
Answer Stats
Hint Answer % Correct
Price Tag, Flashlight, Domino Jessie J
71%
Eton Rifles, Beat Surrender, Strange Town The Jam
65%
Wiseman, You're Beautiful, 1973 James Blunt
58%
Let's Wait Awhile, Miss You Much, Together Again Janet Jackson
52%
Sit Down, She's A Star, Destiny Calling James
48%
Hard Knock Life (Ghetto Anthem), 03 Bonnie And Clyde, Run This Town Jay-Z
48%
Stillness In Time, Virtual Insanity, Little L Jamiroquai
35%
Love And Affection, Drop The Pilot, Me Myself I Joan Armatrading
29%
Sucker, What A Man Gotta Do, Waffle House Jonas Brothers
26%
He'll Have To Go, Welcome To My World, Distant Drums Jim Reeves
23%
Living In The Past, The Witch's Promise, Put Your Money Where Your Mouth Is Jethro Tull
19%
I Hear You Now, I'll Find My Way Home, He Is Sailing Jon And Vangelis
16%
Swing The Mood, That's What I Like, Let's Party Jive Bunny And The Mastermixers
13%
A Picture of You, That's What Love Will Do, It Only Took A Minute Joe Brown
10%
Right In The Night (Fall In Love With Love), Be Angled, Find me Jam And Spoon
3%
No matching quizzes found
Score Distribution
Percent of People with Each Score
Percentile by Number Answered
Your Score History
You have not taken this quiz